000 01509nab a2200229 i 4500
001 768714001
003 CO-MdFUSB
005 20240514114047.0
008 240510t1970 sp ||||| |||| 00| 0 spa d
040 _bspa
_cCO-MdFUSB
_dCO-MdFUSB
041 _aspa
100 _aSnoek, Jaime,
_eautor
245 _aMatrimonio e institucionalización de las relaciones sexuales
_c/ Jaime Snoek
520 _aNo existe quizá otro sector de la vida, como el de la sexualidad, en el que el desfase entre la moral oficial y la vida real sea tan alarmante. En la doctrina de la Iglesia, el matrimonio está considerado como el terreno exclusivo de las relaciones sexuales. Toda actividad sexual pre y extramatrimonial excluiría del reino de los cielos. Por otra parte, esta maravillosa institución del matrimonio no fue elaboración propia de la Iglesia. Fue fruto maduro de una larga experiencia humana, con la finalidad inicial de asegurar la simple supervivencia mediante la garantía de unos cuidados maternos y de un mínimo de seguridad económica, con una flexibilidad variable y una también variable libertad sexual pre y extramatrimonial.
650 2 _aConciencia (Moral)
_9927
650 7 _aMatrimonio
_9300
650 0 _aSexo
_91346
653 _aMatrimonio como institución
773 0 _049450
_982618
_oR2545
_tRevista internacional de teología Concilium
_w(CO-MdFUSB)8
_x0210-1041
_gNúmero 55, (mayo, 1970), páginas:
_qpágina:
942 _cANA
945 _aCatherine Arias Alvarez - Practicante SENA
999 _c69677
_d69677